01489 2200649 4500001002100000005001500021035002000036245005400056100003300110250001500143300003000158740005400188700002500242264005000267336002100317337003000338338002300368082001200391084001800403020002200421990001100443990001100454990001100465990001100476990001100487990001100498990001100509990001100520990001100531990001100542990001100553990001100564990001100575990001100586990001100597990001100608990001100619990001100630990001100641990001100652990001100663990001100674990001100685990001100696990001100707990001100718990001100729990001100740990001100751990001100762990001100773990001100784990001100795990001100806990001100817990001100828INLIS00000000000007120220613110854 a0010-06220000681 aAkidah Akhlak XII /cRoli Abdul Rahman; M.Khamzah0 aRoli Abdul RahmanePengarang aEd. revisi a228 :bIlustrasi ;c25 cm aAkidah dan Akhlak untuk Kelas XII Madrasah Aliyah0 aM.KhamzahePengarang aSolo :bTiga Serangkai Pustaka Mandiri,c2020 2rdacontentaTeks 2rdamediaaTanpa Perantara 2rdacarrieraVolume a297.510 a297.510 ROL a a978-623-269-059-2 a210246 a210247 a210248 a210249 a210250 a210251 a210252 a210253 a210254 a210255 a210256 a210257 a210258 a210259 a210260 a210261 a210262 a210263 a210264 a210265 a210266 a210267 a210268 a210269 a210270 a210271 a210272 a210273 a210274 a210275 a210276 a210277 a210278 a210279 a210280 a210281